header

Becoming Tom Thumb : (Record no. 125964)

MARC details
000 -LEADER
fixed length control field 02207nam a2200433 i 4500
001 - CONTROL NUMBER
control field ebr10769728
003 - CONTROL NUMBER IDENTIFIER
control field CaPaEBR
006 - FIXED-LENGTH DATA ELEMENTS--ADDITIONAL MATERIAL CHARACTERISTICS--GENERAL INFORMATION
fixed length control field m o d
007 - PHYSICAL DESCRIPTION FIXED FIELD--GENERAL INFORMATION
fixed length control field cr cn|||||||||
008 - FIXED-LENGTH DATA ELEMENTS--GENERAL INFORMATION
fixed length control field 130513s2013 ctu ob 001 0beng d
020 ## - INTERNATIONAL STANDARD BOOK NUMBER
International Standard Book Number 9780819573322 (e-book)
Cancelled/invalid ISBN 9780819573315
040 ## - CATALOGING SOURCE
Original cataloging agency CaPaEBR
Language of cataloging eng
Description conventions rda
-- pn
Transcribing agency CaPaEBR
035 ## - SYSTEM CONTROL NUMBER
System control number (OCoLC)867741478
043 ## - GEOGRAPHIC AREA CODE
Geographic area code n-us---
050 14 - LIBRARY OF CONGRESS CALL NUMBER
Classification number PN2287.T475
Item number L45 2013eb
082 04 - DEWEY DECIMAL CLASSIFICATION NUMBER
Classification number 791.092
-- B
Edition number 23
100 1# - MAIN ENTRY--PERSONAL NAME
Personal name Lehman, Eric D.
245 10 - TITLE STATEMENT
Title Becoming Tom Thumb :
Remainder of title Charles Stratton, P. T. Barnum, and the dawn of American celebrity /
Statement of responsibility, etc Eric D. Lehman.
264 #1 - PRODUCTION, PUBLICATION, DISTRIBUTION, MANUFACTURE, AND COPYRIGHT NOTICE
Place of production, publication, distribution, manufacture Middletown, Connecticut :
Name of producer, publisher, distributor, manufacturer Wesleyan University Press,
Date of production, publication, distribution, manufacture, or copyright notice 2013.
300 ## - PHYSICAL DESCRIPTION
Extent 1 online resource (273 pages)
336 ## - CONTENT TYPE
Content type term text
Source rdacontent
337 ## - MEDIA TYPE
Media type term computer
Source rdamedia
338 ## - CARRIER TYPE
Carrier type term online resource
Source rdacarrier
490 1# - SERIES STATEMENT
Series statement The driftless Connecticut series
504 ## - BIBLIOGRAPHY, ETC. NOTE
Bibliography, etc Includes bibliographical references and index.
505 0# - FORMATTED CONTENTS NOTE
Formatted contents note Prologue: playing The palace -- The boy from Bridgeport -- At the American Museum -- Prince Charles the First -- Buttons, bullfights, and balloons -- Hop o' my thumb -- Heart of a child -- On the New York stage -- The measure of a man -- The wedding of the year -- The long and short of it -- A very strange honeymoon -- Tom Thumb's America -- Around the world -- At the helm -- A marriage and two funerals -- The great fire -- At Mountain Grove.
588 ## - SOURCE OF DESCRIPTION NOTE
Source of description note Description based on online resource; title from PDF title page (ebrary, viewed October 18, 2013).
590 ## - LOCAL NOTE (RLIN)
Local note Electronic reproduction. Palo Alto, Calif. : ebrary, 2013. Available via World Wide Web. Access may be limited to ebrary affiliated libraries.
600 10 - SUBJECT ADDED ENTRY--PERSONAL NAME
Personal name Barnum, P. T.
Fuller form of name (Phineas Taylor),
Dates associated with a name 1810-1891.
Personal name Thumb, Tom,
Dates associated with a name 1838-1883.
650 #0 - SUBJECT ADDED ENTRY--TOPICAL TERM
Topical term or geographic name as entry element Circus performers
Geographic subdivision United States
Form subdivision Biography.
Topical term or geographic name as entry element Dwarfs
Geographic subdivision United States
Form subdivision Biography.
Topical term or geographic name as entry element Entertainers
Geographic subdivision United States
Form subdivision Biography.
655 #0 - INDEX TERM--GENRE/FORM
Genre/form data or focus term Electronic books.
797 2# - LOCAL ADDED ENTRY--CORPORATE NAME (RLIN)
Corporate name or jurisdiction name as entry element ebrary.
830 #0 - SERIES ADDED ENTRY--UNIFORM TITLE
Uniform title Driftless Connecticut series.
856 40 - ELECTRONIC LOCATION AND ACCESS
Uniform Resource Identifier <a href="http://site.ebrary.com/lib/rucke/Doc?id=10769728">http://site.ebrary.com/lib/rucke/Doc?id=10769728</a>
Public note An electronic book accessible through the World Wide Web; click to view

No items available.

© 2026 Rongo University
Contact us: librarian | system librarian | Rongo university